000
00207 a2200097 4500
001
18904
100
_a
Hall & knight
245
_a
Higher algebra
260
_a
_b
Macmillan & Co
_c
1955
090
_c
13993
_d
13993
942
_a
NUST-CAE
_c
M
_c
4439
999
_c
253977
_d
253977